| 000 | 01383nam a2200349 a 4500 | ||
|---|---|---|---|
| 001 | ebr5001683 | ||
| 003 | CaPaEBR | ||
| 006 | m u | ||
| 007 | cr cn||||||||| | ||
| 008 | 991108s1999 enk sb 001 0 eng | ||
| 010 | _z 98035610 | ||
| 015 | _aGB99-18297 | ||
| 016 | 7 |
_a0333734882 _2Uk |
|
| 020 | _z0333734882 | ||
| 020 | _z0312217250(St. Martin's Press) | ||
| 040 |
_aCaPaEBR _cCaPaEBR |
||
| 035 | _a(OCoLC)49838317 | ||
| 050 | 1 | 4 |
_aHG5993 _b.M384 1999eb |
| 082 | 0 | 4 |
_a332.673091724 _221 |
| 100 | 1 |
_aMcMillan, Susan M., _d1964- |
|
| 245 | 1 | 0 |
_aForeign direct investment in three regions of the South at the end of the twentieth century _h[electronic resource] / _cSusan M. McMillan. |
| 260 |
_aBasingstoke : _bMacMillan, _c1999. |
||
| 300 | _axiii, 179 p. | ||
| 490 | 1 | _aInternational political economy series | |
| 504 | _aIncludes bibliographical references and index. | ||
| 533 |
_aElectronic reproduction. _bPalo Alto, Calif. : _cebrary, _d2013. _nAvailable via World Wide Web. _nAccess may be limited to ebrary affiliated libraries. |
||
| 650 | 0 |
_aInvestments, Foreign _zDeveloping countries. |
|
| 655 | 7 |
_aElectronic books. _2local |
|
| 710 | 2 | _aebrary, Inc. | |
| 830 | 0 | _aInternational political economy series. | |
| 856 | 4 | 0 |
_uhttp://site.ebrary.com/lib/rucke/Doc?id=5001683 _zAn electronic book accessible through the World Wide Web; click to view |
| 999 |
_c1290 _d1290 |
||